[Event "Copa Latina 2015"]
[Site "Vicente Lopez ARG"]
[Date "2015.03.20"]
[Round "2.59"]
[White "Colque, Jonathan"]
[Black "Pernas, Agustin"]
[Result "0-1"]
[WhiteElo "1819"]
[BlackElo "2048"]
[PlyCount "100"]
[EventDate "2015.03.19"]
[EventType "swiss"]
[EventRounds "9"]
[EventCountry "ARG"]
[Source "lmi"]
[SourceDate "2015.03.19"]

1. d4 d5 2. c4 e6 3. Nc3 Nf6 4. cxd5 exd5 5. Bg5 Nbd7 6. e3 c6 7. Bd3 Be7 8.
Qc2 Nh5 9. Bxe7 Qxe7 10. Nge2 g6 11. O-O-O f5 12. g4 fxg4 13. Nf4 Nxf4 14. exf4
O-O 15. Bxg6 hxg6 16. Qxg6+ Qg7 17. Qe6+ Qf7 18. Qxg4+ Kh8 19. Qh3+ Qh7 20. Qe3
Nf6 21. Rhg1 Bd7 22. Rg5 Rae8 23. Qf3 Bg4 24. Rxg4 Nxg4 25. Qxg4 Rf7 26. Rg1
Rg8 27. Qxg8+ Qxg8 28. Rxg8+ Kxg8 29. Ne2 Rh7 30. Kd2 Rxh2 31. Ke3 Rh1 32. Nc3
Kf7 33. b4 Re1+ 34. Kd2 Re8 35. b5 Kf6 36. Kc2 Kf5 37. Kb3 Kxf4 38. Kb4 Kf3 39.
Kc5 Kxf2 40. a4 Rc8 41. Kd6 Ke3 42. Kd7 Rh8 43. bxc6 bxc6 44. Kxc6 Rc8+ 45.
Kxd5 Rxc3 46. Ke5 Rc4 47. d5 Rxa4 48. d6 Rd4 49. Ke6 a5 50. Ke7 a4 0-1

[Event "Copa Latina 2015"]
[Site "Vicente Lopez ARG"]
[Date "2015.03.20"]
[Round "2.61"]
[White "Giuliani, German"]
[Black "Franco, Gaston"]
[Result "1-0"]
[WhiteElo "1805"]
[BlackElo "2037"]
[PlyCount "111"]
[EventDate "2015.03.19"]
[EventType "swiss"]
[EventRounds "9"]
[EventCountry "ARG"]
[Source "lmi"]
[SourceDate "2015.03.19"]

1. d4 Nf6 2. Nf3 d5 3. g3 e6 4. Bg2 Be7 5. O-O O-O 6. b3 b6 7. Bb2 Bb7 8. Nbd2
c5 9. c4 Qc7 10. Rc1 Nbd7 11. Qc2 Rac8 12. Qb1 Ne4 13. Rfd1 f5 14. e3 Ndf6 15.
Ne5 Nxd2 16. Rxd2 dxc4 17. bxc4 Bxg2 18. Kxg2 Qb7+ 19. Kg1 cxd4 20. Bxd4 Ne4
21. Rdd1 Ng5 22. h4 Nf3+ 23. Nxf3 Qxf3 24. Qb3 Qg4 25. c5 bxc5 26. Qxe6+ Kh8
27. Be5 Bxh4 28. Rd4 Rce8 29. Rxg4 Rxe6 30. Bxg7+ Kg8 31. Bxf8+ fxg4 32. Bxc5
Bf6 33. Bxa7 Ra6 34. Rc7 Rxa2 35. Rc6 Kf7 36. Bb8 h5 37. Bd6 Rd2 38. Bb4 Rd5
39. Bc3 Bg5 40. Bd4 h4 41. gxh4 Bxh4 42. Rc7+ Ke6 43. Rh7 Bg5 44. Kg2 Rf5 45.
Rg7 Bh4 46. Rxg4 Rxf2+ 47. Kg1 Kf5 48. Rxh4 Ra2 49. Rf4+ Kg5 50. Bf6+ Kg6 51.
Bh4 Kh5 52. Bf2 Kg5 53. Kg2 Rb2 54. Kf3 Ra2 55. Bh4+ Kh5 56. Bf6 1-0

[Event "Copa Latina 2015"]
[Site "Vicente Lopez ARG"]
[Date "2015.03.20"]
[Round "2.65"]
[White "Abate, Tomas"]
[Black "Kapitanchuk, Tomas"]
[Result "1-0"]
[WhiteElo "1720"]
[BlackElo "2031"]
[PlyCount "79"]
[EventDate "2015.03.19"]
[EventType "swiss"]
[EventRounds "9"]
[EventCountry "ARG"]
[Source "lmi"]
[SourceDate "2015.03.19"]

1. d4 Nf6 2. Nf3 e6 3. Bf4 c5 4. e3 b6 5. Bd3 Bb7 6. c3 Be7 7. Nbd2 O-O 8. h3
d6 9. O-O Nbd7 10. Bh2 Re8 11. Nc4 Nf8 12. a4 Ng6 13. Re1 Bf8 14. e4 Rc8 15. e5
dxe5 16. dxe5 Nd5 17. Nd6 Bxd6 18. exd6 Bc6 19. Ba6 Ra8 20. Bd3 f6 21. Be4 Qd7
22. Qc2 f5 23. Bxd5 exd5 24. Ne5 Nxe5 25. Rxe5 Rxe5 26. Bxe5 Re8 27. f4 g5 28.
g3 gxf4 29. gxf4 Re6 30. Kh2 Rg6 31. Rg1 Bxa4 32. Rxg6+ hxg6 33. Qg2 Qf7 34.
Qg5 Be8 35. Qh4 Qh7 36. Qf6 d4 37. c4 Bc6 38. Qd8+ Kf7 39. Qc7+ Kg8 40. Qxc6
1-0

[Event "Copa Latina 2015"]
[Site "Vicente Lopez ARG"]
[Date "2015.03.20"]
[Round "2.67"]
[White "Strok, Boris"]
[Black "Guanca, Felipe"]
[Result "1-0"]
[WhiteElo "2000"]
[BlackElo "1715"]
[PlyCount "89"]
[EventDate "2015.03.19"]
[EventType "swiss"]
[EventRounds "9"]
[EventCountry "ARG"]
[Source "lmi"]
[SourceDate "2015.03.19"]

1. e4 e5 2. Nf3 Nc6 3. Bb5 d6 4. O-O Bg4 5. h3 Bxf3 6. Qxf3 a6 7. Bxc6+ bxc6 8.
c3 Ne7 9. d4 Ng6 10. Nd2 Be7 11. Nc4 Bf6 12. Rd1 Qe7 13. Ne3 O-O 14. Nf5 Qd7
15. g3 Rad8 16. h4 d5 17. Nh6+ Kh8 18. Ng4 dxe4 19. Qxe4 Qd5 20. Nxf6 gxf6 21.
Qf5 Qe6 22. Qxe6 fxe6 23. h5 Ne7 24. Bh6 Rfe8 25. dxe5 Ng8 26. Bf4 f5 27. Bg5
Rd5 28. f4 h6 29. Bh4 c5 30. Kf2 Kg7 31. c4 Rd4 32. Rxd4 cxd4 33. c5 Rb8 34. b3
Kf7 35. Ke2 Ne7 36. Bxe7 Kxe7 37. Rc1 Rb4 38. Kd3 c6 39. Rc4 Rxc4 40. Kxc4 Kd7
41. Kxd4 Kc7 42. Kc4 Kb7 43. b4 a5 44. b5 cxb5+ 45. Kxb5 1-0

[Event "Copa Latina 2015"]
[Site "Vicente Lopez ARG"]
[Date "2015.03.20"]
[Round "2.69"]
[White "Radoszta, Armando E"]
[Black "Katopodis, Santiago"]
[Result "1-0"]
[WhiteElo "1994"]
[BlackElo "1655"]
[PlyCount "57"]
[EventDate "2015.03.19"]
[EventType "swiss"]
[EventRounds "9"]
[EventCountry "ARG"]
[Source "lmi"]
[SourceDate "2015.03.19"]

1. e4 c5 2. Nc3 e6 3. Nf3 a6 4. a4 d6 5. d4 cxd4 6. Nxd4 Nc6 7. Nb3 Nf6 8. Be2
Be7 9. Be3 b6 10. O-O Bb7 11. f4 Rc8 12. Rc1 Na5 13. Nxa5 bxa5 14. Bf3 Rxc3 15.
bxc3 Bxe4 16. Qd4 d5 17. Be2 O-O 18. Kh1 Nd7 19. Qa7 f5 20. Bxa6 Rf6 21. Bb5
Rg6 22. Qxd7 Bxg2+ 23. Kg1 Bh3+ 24. Kf2 Bh4+ 25. Ke2 Qxd7 26. Bxd7 Rg2+ 27. Kd3
Kf7 28. Rg1 Rxh2 29. Rh1 1-0

[Event "Copa Latina 2015"]
[Site "Vicente Lopez ARG"]
[Date "2015.03.20"]
[Round "2.70"]
[White "Coro, Richard"]
[Black "Galleto, Ricardo"]
[Result "0-1"]
[WhiteElo "1617"]
[BlackElo "1986"]
[PlyCount "44"]
[EventDate "2015.03.19"]
[EventType "swiss"]
[EventRounds "9"]
[EventCountry "ARG"]
[Source "lmi"]
[SourceDate "2015.03.19"]

1. e4 d5 2. exd5 c6 3. dxc6 e5 4. cxb7 Bxb7 5. Bb5+ Nc6 6. Qe2 Qf6 7. Nf3 O-O-O
8. Ba6 Bc5 9. Bxb7+ Kxb7 10. Nc3 Qg6 11. O-O Qh5 12. Qb5+ Bb6 13. d3 Nf6 14. a4
Rd4 15. Nxd4 Nxd4 16. Qc4 Rc8 17. Qa2 Rc6 18. Be3 Nf3+ 19. gxf3 Ng4 20. fxg4
Qxg4+ 21. Kh1 Qf3+ 22. Kg1 Rg6+ 0-1

[Event "Copa Latina 2015"]
[Site "Vicente Lopez ARG"]
[Date "2015.03.20"]
[Round "2.74"]
[White "Viegas Palermo, Jose"]
[Black "Alvarez, Alberto Elias"]
[Result "0-1"]
[WhiteElo "1459"]
[BlackElo "1967"]
[PlyCount "36"]
[EventDate "2015.03.19"]
[EventType "swiss"]
[EventRounds "9"]
[EventCountry "ARG"]
[Source "lmi"]
[SourceDate "2015.03.19"]

1. e4 c5 2. Nf3 Nc6 3. Bb5 Nd4 4. Nxd4 cxd4 5. c3 dxc3 6. dxc3 g6 7. Be3 Bg7 8.
Bd4 Nf6 9. Nd2 O-O 10. Nf3 Nxe4 11. Bxg7 Kxg7 12. O-O d5 13. Qd4+ Nf6 14. Rad1
a6 15. Ba4 b5 16. Bb3 Bb7 17. Bxd5 Bxd5 18. Qxd5 Nxd5 0-1

[Event "Copa Latina 2015"]
[Site "Vicente Lopez ARG"]
[Date "2015.03.20"]
[Round "2.18"]
[White "Molina, Roberto Junio Brito"]
[Black "Fabrega, Enrique"]
[Result "1-0"]
[WhiteElo "2431"]
[BlackElo "2146"]
[PlyCount "73"]
[EventDate "2015.03.19"]
[EventType "swiss"]
[EventRounds "9"]
[EventCountry "ARG"]
[Source "lmi"]
[SourceDate "2015.03.19"]

1. d4 Nf6 2. c4 c5 3. d5 e6 4. Nc3 exd5 5. cxd5 d6 6. e4 g6 7. Bd3 Bg7 8. Nf3
a6 9. O-O b5 10. h3 O-O 11. Bf4 Re8 12. Re1 Qc7 13. Rc1 Nbd7 14. a3 c4 15. Bc2
Bb7 16. Qd2 Nh5 17. Be3 Rab8 18. Nd4 Nc5 19. f3 Nf6 20. Na2 Nfd7 21. Nb4 Ra8
22. Qf2 Ne5 23. f4 Ned7 24. Qf3 Nb6 25. Bb1 Nba4 26. b3 cxb3 27. Bf2 b2 28. Rc2
Qd7 29. Nbc6 Rac8 30. e5 Qc7 31. Ree2 Qd7 32. Ba2 Kh8 33. Bg3 Ra8 34. Kh2 a5
35. f5 dxe5 36. f6 Bf8 37. Rxe5 1-0

[Event "Copa Latina 2015"]
[Site "Vicente Lopez ARG"]
[Date "2015.03.20"]
[Round "2.27"]
[White "Escalante Ramirez, Brian Sebas"]
[Black "Bruce, Shannon Hill"]
[Result "1/2-1/2"]
[WhiteElo "2365"]
[BlackElo "2112"]
[PlyCount "102"]
[EventDate "2015.03.19"]
[EventType "swiss"]
[EventRounds "9"]
[EventCountry "ARG"]
[Source "lmi"]
[SourceDate "2015.03.19"]

1. e4 c6 2. d4 d5 3. f3 e6 4. Nc3 Bb4 5. Qd3 b6 6. Nge2 Ba6 7. Qe3 Ne7 8. a3
Bxc3+ 9. bxc3 Nd7 10. a4 O-O 11. Ba3 Re8 12. e5 Rc8 13. a5 bxa5 14. Nc1 Bxf1
15. Rxf1 Nf5 16. Qf2 f6 17. g4 Nh6 18. Nd3 fxe5 19. Nxe5 Nxe5 20. dxe5 Qc7 21.
Bd6 Qb6 22. Bc5 Qc7 23. Qd4 Nf7 24. f4 Rb8 25. Kd2 Rb7 26. Rfb1 Reb8 27. Rxb7
Rxb7 28. h4 a6 29. Re1 Rb5 30. h5 Qd8 31. Rh1 Nh6 32. c4 Rb8 33. Bd6 Qb6 34.
Qxb6 Rxb6 35. Bc5 Rb7 36. g5 Nf5 37. Rh3 Rd7 38. Ra3 dxc4+ 39. Kc3 Rd5 40. Kxc4
Kf7 41. Rxa5 Ne3+ 42. Kb4 Nxc2+ 43. Kc3 Ne1 44. Rxa6 Rxc5+ 45. Kd2 Nf3+ 46. Ke3
h6 47. Ra7+ Kf8 48. Ra8+ Ke7 49. Ra7+ Kf8 50. Ra8+ Ke7 51. Ra7+ Kf8 1/2-1/2

[Event "Copa Latina 2015"]
[Site "Vicente Lopez ARG"]
[Date "2015.03.20"]
[Round "2.29"]
[White "Perez Gormaz, Matias"]
[Black "Carraro, Denise"]
[Result "1-0"]
[WhiteElo "2349"]
[BlackElo "2099"]
[PlyCount "51"]
[EventDate "2015.03.19"]
[EventType "swiss"]
[EventRounds "9"]
[EventCountry "ARG"]
[Source "lmi"]
[SourceDate "2015.03.19"]

1. d4 e6 2. c4 Nf6 3. g3 d5 4. Nf3 Be7 5. Bg2 c6 6. O-O O-O 7. Nc3 b6 8. Qd3
Ba6 9. b3 Nbd7 10. e4 Rc8 11. Rd1 c5 12. exd5 exd5 13. Qf5 g6 14. Qh3 dxc4 15.
d5 Bd6 16. Bg5 Qc7 17. bxc4 Rfe8 18. Qh4 Nh5 19. Ne4 Kg7 20. Nxd6 Qxd6 21. Re1
f6 22. Bd2 Ne5 23. Nxe5 fxe5 24. Bc3 Qf6 25. Qe4 Rc7 26. f4 1-0

[Event "Copa Latina 2015"]
[Site "Vicente Lopez ARG"]
[Date "2015.03.20"]
[Round "2.32"]
[White "Mayorga, Nicolas"]
[Black "Siccardi, Pablo Daniel"]
[Result "1-0"]
[WhiteElo "2325"]
[BlackElo "2071"]
[PlyCount "85"]
[EventDate "2015.03.19"]
[EventType "swiss"]
[EventRounds "9"]
[EventCountry "ARG"]
[Source "lmi"]
[SourceDate "2015.03.19"]

1. d4 e6 2. c4 f5 3. g3 Nf6 4. Bg2 c6 5. Nf3 d5 6. O-O Bd6 7. b3 Qe7 8. a4 a5
9. Ba3 Bxa3 10. Nxa3 O-O 11. Nc2 b6 12. Ne5 Rd8 13. Rc1 Bb7 14. Ne1 c5 15. e3
Na6 16. N1d3 Ne4 17. Qe2 Rac8 18. cxd5 exd5 19. Qb2 Nb4 20. Rfd1 Rc7 21. Bh3 g6
22. Bf1 Rdc8 23. Nf4 cxd4 24. Rxc7 Rxc7 25. Qxd4 Rc2 26. Ned3 Nd2 27. Qxb6 Nf3+
28. Kh1 d4 29. Bg2 dxe3 30. Qxe3 Qxe3 31. fxe3 g5 32. Nxb4 axb4 33. Nd3 Be4 34.
Nxb4 Rb2 35. Na6 Rxb3 36. Nc5 Rxe3 37. Nxe4 fxe4 38. Ra1 Rc3 39. a5 Rc7 40. a6
Ra7 41. Bf1 Nd2 42. Be2 Nb3 43. Bc4+ 1-0

[Event "Copa Latina 2015"]
[Site "Vicente Lopez ARG"]
[Date "2015.03.20"]
[Round "2.40"]
[White "Quiroga, Facundo"]
[Black "Lopez, Jose Luis"]
[Result "1-0"]
[WhiteElo "2261"]
[BlackElo "1796"]
[PlyCount "77"]
[EventDate "2015.03.19"]
[EventType "swiss"]
[EventRounds "9"]
[EventCountry "ARG"]
[Source "lmi"]
[SourceDate "2015.03.19"]

1. d4 Nf6 2. c4 g6 3. Nc3 Bg7 4. e4 d6 5. Nf3 O-O 6. Be2 e5 7. O-O Nc6 8. d5
Ne7 9. Ne1 Nd7 10. Nd3 f5 11. Bd2 Nf6 12. f3 f4 13. c5 g5 14. Rc1 Ng6 15. cxd6
cxd6 16. Nf2 Rf7 17. Nb5 Bf8 18. Qc2 Bd7 19. Qc7 Bxb5 20. Qxd8 Rxd8 21. Bxb5 a6
22. Be2 h5 23. Rc2 Rg7 24. Rfc1 Nh4 25. h3 Rdd7 26. Rc8 Ng6 27. Ba5 Kh7 28. b4
b5 29. Ra8 Ra7 30. Rcc8 Rgf7 31. a4 bxa4 32. Bxa6 a3 33. Bc4 Kg7 34. b5 Rxa8
35. Rxa8 Nd7 36. b6 Nc5 37. Bb4 Rb7 38. Bxc5 dxc5 39. Ra7 1-0

[Event "Copa Latina 2015"]
[Site "Vicente Lopez ARG"]
[Date "2015.03.20"]
[Round "2.41"]
[White "Avila, Lucas"]
[Black "Figar, Nicolas"]
[Result "1/2-1/2"]
[WhiteElo "2205"]
[BlackElo "1776"]
[PlyCount "142"]
[EventDate "2015.03.19"]
[EventType "swiss"]
[EventRounds "9"]
[EventCountry "ARG"]
[Source "lmi"]
[SourceDate "2015.03.19"]

1. e4 e5 2. Nf3 Nc6 3. Bb5 a6 4. Ba4 Nf6 5. O-O Be7 6. Re1 b5 7. Bb3 d6 8. c3
O-O 9. h3 Na5 10. Bc2 c5 11. d4 Nd7 12. d5 Nb6 13. Nbd2 f5 14. exf5 Bxf5 15.
Ne4 h6 16. b3 c4 17. Nh2 Qe8 18. Be3 Nd7 19. b4 Nb7 20. Nf1 Bxe4 21. Bxe4 Nf6
22. Bf5 a5 23. a3 axb4 24. axb4 Rxa1 25. Qxa1 Qa8 26. Ba7 Nd8 27. Ne3 Qb7 28.
Qa5 Nf7 29. Ra1 Ra8 30. Qa6 Qxa6 31. Rxa6 Ng5 32. f3 Nh5 33. Bd7 e4 34. Bxb5
exf3 35. Nf5 Kf7 36. Bd4 Rxa6 37. Bxa6 fxg2 38. Kxg2 Nf4+ 39. Kf1 g6 40. Nxh6+
Ke8 41. Bxc4 Ne4 42. Bb5+ Kd8 43. Bc6 Bh4 44. Be3 Ng3+ 45. Kf2 Nf5+ 46. Kf3
Nxe3 47. Kxf4 Nc4 48. Ke4 Bf6 49. Kd3 Ne5+ 50. Kc2 Kc7 51. Bb5 Bg7 52. Ng4 Nxg4
53. hxg4 g5 54. Kd3 Kb6 55. Bc6 Be5 56. c4 Bg3 57. Ke4 Bf4 58. Kf5 Bd2 59. Ba4
Be3 60. Ke6 Bf4 61. Be8 Bg3 62. Ba4 Bf4 63. c5+ dxc5 64. d6 cxb4 65. Ke7 Kc5
66. d7 Bc7 67. d8=Q Bxd8+ 68. Kxd8 Kd6 69. Bd1 Ke5 70. Ke7 Kf4 71. Kf6 b3
1/2-1/2

[Event "Copa Latina 2015"]
[Site "Vicente Lopez ARG"]
[Date "2015.03.20"]
[Round "2.42"]
[White "Ruperez, Miguel"]
[Black "Ferrero, Luis"]
[Result "1/2-1/2"]
[WhiteElo "2194"]
[BlackElo "1635"]
[PlyCount "96"]
[EventDate "2015.03.19"]
[EventType "swiss"]
[EventRounds "9"]
[EventCountry "ARG"]
[Source "lmi"]
[SourceDate "2015.03.19"]

1. d4 e6 2. c4 Nf6 3. g3 d5 4. Bg2 Be7 5. Nf3 dxc4 6. O-O O-O 7. Qc2 a6 8. Qxc4
b5 9. Qc2 Bb7 10. Bg5 Nbd7 11. Bxf6 Nxf6 12. Nbd2 Rc8 13. Nb3 Bd5 14. Nc5 Bxc5
15. dxc5 Qe7 16. Ne5 Bxg2 17. Kxg2 Nd7 18. Nd3 a5 19. a3 e5 20. e4 Rfd8 21. Qc3
c6 22. Rfd1 a4 23. Rac1 f6 24. b3 axb3 25. Qxb3+ Qf7 26. Qxf7+ Kxf7 27. Nb4 Nb8
28. f4 Ke7 29. fxe5 fxe5 30. Kf3 Rxd1 31. Rxd1 Nd7 32. Rd6 Nxc5 33. Rxc6 Rxc6
34. Nxc6+ Kd6 35. Na7 b4 36. axb4 Nd3 37. b5 Kc5 38. Nc6 Kxb5 39. Nd8 Nc5 40.
Nf7 Nd7 41. Kg4 Kc5 42. Kf5 Kd4 43. Ng5 g6+ 44. Ke6 Nc5+ 45. Kf7 Nxe4 46. Nxh7
Nxg3 47. hxg3 Ke3 48. Ng5 Kf2 1/2-1/2

[Event "Copa Latina 2015"]
[Site "Vicente Lopez ARG"]
[Date "2015.03.20"]
[Round "2.51"]
[White "Sanchez Sandoval, Gonzalo"]
[Black "Fernandez Rodriguez, Antonio"]
[Result "1-0"]
[WhiteElo "2193"]
[BlackElo "1905"]
[PlyCount "43"]
[EventDate "2015.03.19"]
[EventType "swiss"]
[EventRounds "9"]
[EventCountry "ARG"]
[Source "lmi"]
[SourceDate "2015.03.19"]

1. e4 e6 2. d4 d5 3. Nc3 Bb4 4. e5 c5 5. a3 Bxc3+ 6. bxc3 Ne7 7. h4 cxd4 8.
cxd4 Qc7 9. h5 Qc3+ 10. Bd2 Qxd4 11. Nf3 Qe4+ 12. Be2 Nf5 13. O-O Nc6 14. Re1
O-O 15. h6 gxh6 16. Bd3 Qg4 17. Bxf5 Qxf5 18. Bxh6 Re8 19. Nh4 Qxe5 20. Qg4+
Kh8 21. Rxe5 Rg8 22. Rg5 1-0

[Event "Copa Latina 2015"]
[Site "Vicente Lopez ARG"]
[Date "2015.03.20"]
[Round "2.56"]
[White "Elias, Roberto"]
[Black "Anelli, Antonio"]
[Result "0-1"]
[WhiteElo "1845"]
[BlackElo "2060"]
[PlyCount "34"]
[EventDate "2015.03.19"]
[EventType "swiss"]
[EventRounds "9"]
[EventCountry "ARG"]
[Source "lmi"]
[SourceDate "2015.03.19"]

1. c4 Nf6 2. Nc3 c5 3. g3 g6 4. Bg2 Bg7 5. e4 Nc6 6. Nge2 O-O 7. O-O Ne8 8. d3
Nc7 9. f4 Ne6 10. f5 Ned4 11. Bg5 Nxe2+ 12. Qxe2 h6 13. Be3 d6 14. Qd2 g5 15.
h4 f6 16. Bf3 Bd7 17. Kh1 Nd4 0-1

[Event "Copa Latina 2015"]
[Site "Vicente Lopez ARG"]
[Date "2015.03.20"]
[Round "2.58"]
[White "Luz, Arthur Nader"]
[Black "Durnhofer, Andrea"]
[Result "1-0"]
[WhiteElo "2049"]
[BlackElo "1839"]
[PlyCount "81"]
[EventDate "2015.03.19"]
[EventType "swiss"]
[EventRounds "9"]
[EventCountry "ARG"]
[Source "lmi"]
[SourceDate "2015.03.19"]

1. d4 Nf6 2. c4 e5 3. dxe5 Ng4 4. e4 Nxe5 5. f4 Nec6 6. Be3 Bb4+ 7. Nc3 d6 8.
Nf3 Nd7 9. Bd3 Nc5 10. O-O Bxc3 11. bxc3 Nxd3 12. Qxd3 O-O 13. Nd4 Na5 14. f5
f6 15. Rf4 Nc6 16. Nxc6 bxc6 17. Qd1 Qe8 18. Qf3 Rf7 19. Re1 Kf8 20. Rh4 h6 21.
c5 Ba6 22. cxd6 cxd6 23. Bf4 Rd7 24. Qg3 Rad8 25. Rg4 Bc4 26. Re2 Qf7 27. Qh4
Ke8 28. Re3 Re7 29. Qg3 Rb7 30. h4 Rbd7 31. a3 Qf8 32. Qf2 Bf7 33. Rgg3 Rb8 34.
Rd3 Bc4 35. Rd1 Rb3 36. Qd4 d5 37. exd5 cxd5 38. Re1+ Kf7 39. Rge3 Re7 40. Kh1
Qe8 41. Bxh6 1-0

[Event "Copa Latina 2015"]
[Site "Vicente Lopez ARG"]
[Date "2015.03.20"]
[Round "2.60"]
[White "Conde, Adrian"]
[Black "Boabaid, Jorge Alberto Duard"]
[Result "1-0"]
[WhiteElo "2037"]
[BlackElo "1834"]
[PlyCount "61"]
[EventDate "2015.03.19"]
[EventType "swiss"]
[EventRounds "9"]
[EventCountry "ARG"]
[Source "lmi"]
[SourceDate "2015.03.19"]

1. d4 Nf6 2. c4 e5 3. dxe5 Ng4 4. Nf3 Nc6 5. Nc3 Bb4 6. Bd2 Ngxe5 7. e3 d6 8.
Nd5 Nxf3+ 9. gxf3 Bxd2+ 10. Qxd2 Ne5 11. Be2 c6 12. Nf4 Qf6 13. O-O-O h5 14.
Qxd6 Qxd6 15. Rxd6 Ke7 16. Rhd1 g5 17. Ng2 Be6 18. f4 gxf4 19. Nxf4 Bg4 20. h3
Bxe2 21. Nxe2 Rad8 22. c5 Rxd6 23. cxd6+ Kd7 24. f4 Nc4 25. e4 Re8 26. e5 f6
27. Ng3 fxe5 28. Ne4 Rf8 29. Nc5+ Ke8 30. d7+ Ke7 31. Nxb7 1-0

[Event "Copa Latina 2015"]
[Site "Vicente Lopez ARG"]
[Date "2015.03.20"]
[Round "2.62"]
[White "Aguero Arce, Matias"]
[Black "Wolfsdorf, Alexis"]
[Result "1-0"]
[WhiteElo "2035"]
[BlackElo "1814"]
[PlyCount "57"]
[EventDate "2015.03.19"]
[EventType "swiss"]
[EventRounds "9"]
[EventCountry "ARG"]
[Source "lmi"]
[SourceDate "2015.03.19"]

1. d4 Nf6 2. c4 g6 3. Nc3 Bg7 4. Nf3 O-O 5. g3 d6 6. Bg2 Nbd7 7. O-O a5 8. b3
c5 9. Bb2 cxd4 10. Nxd4 Nc5 11. Qc2 Qb6 12. Rad1 Bd7 13. a4 Rfd8 14. Rd2 Bc6
15. e4 Nfd7 16. Ndb5 Na6 17. Nd5 Bxd5 18. Bxg7 Kxg7 19. exd5 Rac8 20. Bh3 Nc7
21. Qb2+ Kg8 22. Re1 Nxb5 23. axb5 f5 24. Re6 Re8 25. g4 Nc5 26. Re1 Ne4 27.
gxf5 Rc5 28. f6 Rf8 29. fxe7 1-0

[Event "Copa Latina 2015"]
[Site "Vicente Lopez ARG"]
[Date "2015.03.20"]
[Round "2.64"]
[White "Flynn, Mariano"]
[Black "Gil Garrote, Marcelo"]
[Result "1-0"]
[WhiteElo "2033"]
[BlackElo "1735"]
[PlyCount "59"]
[EventDate "2015.03.19"]
[EventType "swiss"]
[EventRounds "9"]
[EventCountry "ARG"]
[Source "lmi"]
[SourceDate "2015.03.19"]

1. d4 Nf6 2. c4 g6 3. Nc3 Bg7 4. e4 d6 5. Nf3 O-O 6. h3 c5 7. d5 Qa5 8. Bd3 Na6
9. O-O Bd7 10. Bd2 Qc7 11. Bf4 e5 12. dxe6 fxe6 13. Bh2 e5 14. a3 Qd8 15. Bc2
Bc6 16. Qd2 Nc7 17. Rad1 Nfe8 18. Nxe5 Qf6 19. Nxc6 bxc6 20. Bxd6 Nxd6 21. Qxd6
Qxd6 22. Rxd6 Bd4 23. Rxc6 Rf7 24. Nd5 Nxd5 25. cxd5 Raf8 26. d6 Rxf2 27. Bb3+
Kh8 28. Rxf2 Bxf2+ 29. Kh2 Bd4 30. g4 1-0

[Event "Copa Latina 2015"]
[Site "Vicente Lopez ARG"]
[Date "2015.03.20"]
[Round "2.66"]
[White "Lopez, Cesar (per)"]
[Black "Roman, Rodrigo"]
[Result "0-1"]
[WhiteElo "1686"]
[BlackElo "2006"]
[PlyCount "76"]
[EventDate "2015.03.19"]
[EventType "swiss"]
[EventRounds "9"]
[EventCountry "ARG"]
[Source "lmi"]
[SourceDate "2015.03.19"]

1. d4 Nf6 2. Nf3 g6 3. Bf4 Bg7 4. e3 O-O 5. Be2 c5 6. c3 d6 7. h3 Nc6 8. d5 Nb8
9. c4 b5 10. cxb5 Nh5 11. Nc3 Nxf4 12. exf4 Qa5 13. Qc1 a6 14. a4 Bb7 15. O-O
Nd7 16. Qe3 Rfe8 17. Nd2 Nb6 18. Nc4 Nxc4 19. Bxc4 Qb4 20. bxa6 Bxa6 21. Bxa6
Rxa6 22. Qe2 Rea8 23. Nb5 Rxa4 24. Rxa4 Qxa4 25. Nc7 Rc8 26. Qxe7 Qa7 27. Qxd6
Qxc7 28. Qa6 Rd8 29. Re1 Bd4 30. b3 Qxf4 31. Re2 Qd6 32. Qc4 Qxd5 33. Re8+ Kg7
34. Rxd8 Qxd8 35. b4 Qf6 36. bxc5 Qxf2+ 37. Kh2 Be5+ 38. Kh1 Qe1+ 0-1

[Event "Copa Latina 2015"]
[Site "Vicente Lopez ARG"]
[Date "2015.03.20"]
[Round "2.68"]
[White "Diaz, Carlos Ezequiel"]
[Black "Palu, Andres"]
[Result "1/2-1/2"]
[WhiteElo "1672"]
[BlackElo "1995"]
[PlyCount "87"]
[EventDate "2015.03.19"]
[EventType "swiss"]
[EventRounds "9"]
[EventCountry "ARG"]
[Source "lmi"]
[SourceDate "2015.03.19"]

1. e4 c5 2. c3 g6 3. Nf3 Bg7 4. d4 cxd4 5. cxd4 Nc6 6. Bb5 Nf6 7. Nc3 O-O 8.
O-O d6 9. e5 Ne8 10. Bf4 Bg4 11. Bxc6 bxc6 12. h3 dxe5 13. Bxe5 Bxe5 14. hxg4
Bg7 15. Ne5 Rc8 16. Re1 Nd6 17. Qa4 Qc7 18. Rac1 Qb7 19. b3 Rfd8 20. Nb1 Nb5
21. Rc4 Qb6 22. Rb4 a5 23. Rc4 Rxd4 24. Rxd4 Qxd4 25. Qxd4 Nxd4 26. Nf3 Ne6 27.
Na3 a4 28. Nc4 axb3 29. axb3 c5 30. Nfe5 Nd4 31. Nf3 Ne6 32. Nfe5 Rc7 33. g3
Nd4 34. Nd2 Rb7 35. Nd3 Rc7 36. Kf1 e5 37. Rc1 Bf8 38. b4 Rb7 39. bxc5 Nc6 40.
Ne4 Ra7 41. Nf6+ Kg7 42. Ne8+ Kg8 43. Nf6+ Kg7 44. Ne8+ 1/2-1/2

[Event "Copa Latina 2015"]
[Site "Vicente Lopez ARG"]
[Date "2015.03.20"]
[Round "2.71"]
[White "Ulloa, Gabriel"]
[Black "Coro, Lucas"]
[Result "0-1"]
[WhiteElo "1986"]
[BlackElo "1637"]
[PlyCount "72"]
[EventDate "2015.03.19"]
[EventType "swiss"]
[EventRounds "9"]
[EventCountry "ARG"]
[Source "lmi"]
[SourceDate "2015.03.19"]

1. e4 c5 2. Nf3 e6 3. d4 cxd4 4. Nxd4 Nc6 5. c4 Nf6 6. Nc3 Bb4 7. Nxc6 bxc6 8.
Bd3 e5 9. O-O O-O 10. a3 Bc5 11. Ne2 d5 12. cxd5 cxd5 13. exd5 Qxd5 14. Nc3 Qc6
15. Bb5 Qe6 16. Bg5 Bb7 17. Re1 Bxf2+ 18. Kxf2 Qf5+ 19. Kg1 Qxg5 20. Qe2 Rfd8
21. Rad1 Ng4 22. Ne4 Bxe4 23. Qxe4 Rxd1 24. Rxd1 Qh4 25. h3 Qf2+ 26. Kh1 Qxb2
27. hxg4 Qxb5 28. Rd5 Qf1+ 29. Kh2 Qf4+ 30. Qxf4 exf4 31. Rf5 f6 32. Rxf4 Rf8
33. a4 Rc8 34. Rb4 Kf7 35. a5 Kg6 36. Rb5 Rc7 0-1

[Event "Copa Latina 2015"]
[Site "Vicente Lopez ARG"]
[Date "2015.03.20"]
[Round "2.72"]
[White "Girona, Martin"]
[Black "Cisneros, German"]
[Result "1/2-1/2"]
[WhiteElo "1579"]
[BlackElo "1981"]
[PlyCount "82"]
[EventDate "2015.03.19"]
[EventType "swiss"]
[EventRounds "9"]
[EventCountry "ARG"]
[Source "lmi"]
[SourceDate "2015.03.19"]

1. d4 g6 2. Nf3 Bg7 3. Bf4 d6 4. e3 Nd7 5. h3 e5 6. dxe5 dxe5 7. Bg3 Ne7 8.
Nbd2 Nf5 9. Bh2 O-O 10. Be2 Re8 11. e4 Nd4 12. Bc4 Nc5 13. Bd3 Nxd3+ 14. cxd3
b6 15. O-O Ba6 16. Nc4 Nxf3+ 17. Qxf3 Qd4 18. b3 Rad8 19. Rfd1 Bb7 20. Rac1 c5
21. Qe3 Qd7 22. f3 Qe7 23. Bg3 Qf8 24. Qe2 Qe7 25. Qf2 Bf6 26. Rc2 Rd4 27. Qe2
Red8 28. Bf2 R4d7 29. Rcd2 Bh4 30. Bxh4 Qxh4 31. Nxe5 Re7 32. Nc4 Rd4 33. Qf2
Qf4 34. g3 Qg5 35. Kg2 Red7 36. Qe3 Qe7 37. Qf4 f6 38. Qe3 b5 39. Na3 a6 40.
Nc2 R4d6 41. d4 f5 1/2-1/2

[Event "Copa Latina 2015"]
[Site "Vicente Lopez ARG"]
[Date "2015.03.20"]
[Round "2.51"]
[White "Sanchez Sandoval, Gonzalo"]
[Black "Fernandez Rodriguez, Antonio"]
[Result "1-0"]
[WhiteElo "2193"]
[BlackElo "1905"]
[PlyCount "43"]
[EventDate "2015.03.19"]
[EventType "swiss"]
[EventRounds "9"]
[EventCountry "ARG"]
[Source "lmi"]
[SourceDate "2015.03.19"]

1. e4 e6 2. d4 d5 3. Nc3 Bb4 4. e5 c5 5. a3 Bxc3+ 6. bxc3 Ne7 7. h4 Qc7 8. h5
cxd4 9. cxd4 Qc3+ 10. Bd2 Qxd4 11. Nf3 Qe4+ 12. Be2 Nf5 13. O-O Nc6 14. Re1 O-O
15. h6 gxh6 16. Bd3 Qg4 17. Bxf5 Qxf5 18. Bxh6 Re8 19. Nh4 Qxe5 20. Qg4+ Kh8
21. Rxe5 Rg8 22. Rg5 1-0